Michael Jackson - Statistics

General Stats
  • This quiz has been taken 12 times
  • The average score is 4 of 9
Answer Stats
Hint Answer % Correct
The Way You Make Me Feel hee
100%
The Way You Make Me Feel Hee hee
100%
Smooth Criminal Ow
70%
They Don't Care About Us Woo-ho
50%
They Don't Care About Us Woo-hoo
30%
Thriller ooh
20%
Smooth Criminal Aw
10%
They Don't Care About Us Yeah
10%
They Don't Care About Us Mhhm
0%
No matching quizzes found
Score Distribution
Percent of People with Each Score
Percentile by Number Answered
Your Score History
You have not taken this quiz